Report on the productivity and efficiency of selected textile mills. (Record no. 65692)
[ view plain ]
| 000 -LEADER | |
|---|---|
| fixed length control field | 00980cam a22002891 4500 |
| 001 - CONTROL NUMBER | |
| control field | sa 65008313 |
| 003 - CONTROL NUMBER IDENTIFIER | |
| control field | DLC |
| 005 - DATE AND TIME OF LATEST TRANSACTION | |
| control field | 20260227112155.0 |
| 008 - FIXED-LENGTH DATA ELEMENTS--GENERAL INFORMATION | |
| fixed length control field | 820319m19649999pk a 000 0 eng |
| 010 ## - LIBRARY OF CONGRESS CONTROL NUMBER | |
| LC control number | sa 65008313 |
| 025 ## - OVERSEAS ACQUISITION NUMBER | |
| Overseas acquisition number | PL480:P-E-549, 1233, 1348 |
| 035 ## - SYSTEM CONTROL NUMBER | |
| System control number | (OCoLC)9800781 |
| 040 ## - CATALOGING SOURCE | |
| Original cataloging agency | DLC |
| Transcribing agency | MnSU |
| Modifying agency | DLC |
| 042 ## - AUTHENTICATION CODE | |
| Authentication code | premarc |
| 043 ## - GEOGRAPHIC AREA CODE | |
| Geographic area code | a-pk--- |
| -- | a-bg--- |
| 050 00 - LIBRARY OF CONGRESS CALL NUMBER | |
| Classification number | HD9866.P33 |
| Item number | K36 |
| 082 ## - DEWEY DECIMAL CLASSIFICATION NUMBER | |
| Classification number | 333.1/1 |
| 110 2# - MAIN ENTRY--CORPORATE NAME | |
| Corporate name or jurisdiction name as entry element | Pakistan Institute of Cotton Research and Technology, Karachi. |
| 245 00 - TITLE STATEMENT | |
| Title | Report on the productivity and efficiency of selected textile mills. |
| 260 ## - PUBLICATION, DISTRIBUTION, ETC. | |
| Place of publication, distribution, etc. | Karachi, |
| Name of publisher, distributor, etc. | Pakistan Central Cotton Committee, |
| Date of publication, distribution, etc. | 1964- |
| 300 ## - PHYSICAL DESCRIPTION | |
| Extent | v. |
| Other physical details | illus. |
| Dimensions | 25 cm. |
| 500 ## - GENERAL NOTE | |
| General note | Cover title. |
| 505 1# - FORMATTED CONTENTS NOTE | |
| Formatted contents note | [1] Karachi area.--[2] East Pakistan.--[3] West Pakistan. |
| 650 #0 - SUBJECT ADDED ENTRY--TOPICAL TERM | |
| Topical term or geographic name entry element | Textile industry |
| General subdivision | Labor productivity |
| Geographic subdivision | Pakistan. |
| 710 2# - ADDED ENTRY--CORPORATE NAME | |
| Corporate name or jurisdiction name as entry element | Pakistan Central Cotton Committee. |
| 740 0# - ADDED ENTRY--UNCONTROLLED RELATED/ANALYTICAL TITLE | |
| Uncontrolled related/analytical title | Productivity and efficiency of selected textile mills. |
No items available.